| 000 | 00405nam a2200157 i 4500 | ||
|---|---|---|---|
| 001 | 95994 | ||
| 003 | ES-MaACL | ||
| 005 | 20230906181821.0 | ||
| 007 | t| | ||
| 008 | 050608q19401949sp ||||1| spa d | ||
| 100 | 1 |
_aMachÃn Ayala, Fernando. _975188 |
|
| 245 | 1 | 0 |
_aPsiquis en la rada _b: poemas. |
| 260 |
_a[s.l. : _bs.n.], _c1947? |
||
| 300 |
_a96 p. ; _c21 cm. |
||
| 852 |
_aES-MaACL _j1903-F-9 _bR.28411 |
||
| 999 |
_c95994 _d95994 |
||